Zdokonaľovanie výrobného manažmentu v podmienkach prechodu k trhovej ekonomike

Prechod riadenia našej ekonomiky od direktívno-administratívneho systému k trhovej regulácii, vyvoláva potrebu zmien v systémoch riadenia výroby. Princípy a charakteristiky vnútropodnikového manažmentu výroby. Predpoklady rozvoja novej výrobnej filozofie.

Guardado en:
Detalles Bibliográficos
Autor principal: Dupaľ, Andrej
Formato: Capítulo de libro
Lenguaje:eslovaco
Materias:
Etiquetas: Agregar Etiqueta
Sin Etiquetas, Sea el primero en etiquetar este registro!

MARC

LEADER 00000naa a2200000 4500
001 r015294
005 20240502071326.6
041 0 |a slo 
044 |a SK 
245 1 0 |a Zdokonaľovanie výrobného manažmentu v podmienkach prechodu k trhovej ekonomike  |c Andrej Dupaľ 
520 |a Prechod riadenia našej ekonomiky od direktívno-administratívneho systému k trhovej regulácii, vyvoláva potrebu zmien v systémoch riadenia výroby. Princípy a charakteristiky vnútropodnikového manažmentu výroby. Predpoklady rozvoja novej výrobnej filozofie. 
610 2 0 |a manažment 
610 2 0 |a riadenie výroby 
610 2 0 |a hospodárstvo trhové 
610 2 0 |a výroba nová 
610 2 0 |a Slovensko 
100 1 |a Dupaľ, Andrej